000 00513cam a2200181 a 4500
020 _a9781416402527
020 _a1416402527
050 0 0 _aRF510
_b.F48 2008
100 1 _aFerrand, Carole T.
245 1 0 _aVoice disorders :
_ba clinical reference /
_cCarole T. Ferrand.
260 _aAustin, Tex. :
_bPro-ed,
_cc2008.
300 _aviiii, 158 p. ;
650 0 _xDiagnosis.
650 1 2 _xdiagnosis.
650 2 2 _xtherapy.
856 4 1 _uhttp://www.loc.gov/catdir/toc/ecip0725/2007033799.html
942 _2lcc
_cGEN
999 _c14097
_d14097